Las crónicas de narnia : el león, la bruja y el armario clive staples lewis ; traducido por gemma gallart ; ilustrado por pauline baynes

Guardado en:
Autor Principal: Lewis, Clive Staples
Otros Autores: Gallart, Gemma, Baynes, Pauline
Formato: Libro
Publicado: España : Planeta, 2005
Series:Destino infantil & juvenil
Materias:
Etiquetas: Agregar Etiqueta
Sin Etiquetas, Sea el primero en etiquetar este registro!
LEADER 00764nam a22002295a 4500
001 CEM.cems012014
005 20060220000000.0
008 130507s2005##################000#0#####d
003 CEMS
020 |a 8408057030 
082 0 4 |a 823.9 
100 1 |a Lewis, Clive Staples 
245 1 0 |a Las crónicas de narnia :  |b el león, la bruja y el armario clive staples lewis ; traducido por gemma gallart ; ilustrado por pauline baynes 
260 |a España :  |b Planeta,  |c 2005 
490 0 |a Destino infantil & juvenil 
653 |a Literatura 
653 |a Literatura inglesa siglo 20 
653 |a Litertura juvenil 
653 |a Novelas juveniles 
700 1 |a Gallart, Gemma 
700 1 |a Baynes, Pauline 
859 |a CEMS  |b BIB. CEMS - 11 de abril  |h 823.9  |i L587  |p 23256.06  |t Ej.1  |v 2  |3 2